00863nam a22002417a 4500003000900000005001700009008004600026040002200072092001700094100001700111245009400128260007300222300002900295490001700324700003200341700003000373830001600403942001200419945002500431952010900456956003900565999001700604DO-SdBNP20171124110714.0171122b 1971 sp |||| |||| 00| 0 spa d aBPMSUbspacBPMSU axxxxxbxxxxx1 aPeric, Jaume10aPerich Match /cJaume Perich ; prólogo Joan de Sagarra ; introducción Román Gubern. aBarcelona : bEdiciones Península, bEdiciones de Bolsillo,c1971. a136 p. :bil. ;c20 cm. 1 aL'Escorpí.12aSagarra, Joan de epról. 12aGubern, Román eintrod. 0aL'Escorpí 2ddccBK aInventario / 2017 LP 00102ddc40708CGaBPMETbBPMETd2017-11-22eDonación l0pBPMSU17110347r2017-11-22w2017-11-22yBK aLOPEREZb10c20171122h0041iBPMSU c13028d13028